000 00849cab a2200241 4500
001 WB2944-33
008 090401t1993 xxu||||| |||| 00| 0 eng d
035 _a(Sirsi) u76755
041 _aeng
245 _aBT aids relocation
260 _c1993
350 _a0
490 _aSunday Times
_v21 November 1993, 3.11
490 _aEstates Gazette
_v(9346) 20 November 1993, 61(1)
520 _aBT has introduced new technology via its Integrated Services Digital Network (ISDN) which should revolutionise property viewing by showing properties to prospective buyers using full-colour images and text on a PC screen.
650 _aCOMPUTERS
650 _aESTATE AGENTS
650 _aPROPERTY VIEWING
650 _aVIDEO CONFERENCING
690 _aMANAGEMENT-BUSINESS MANAGEMENT-INFORMATION MANAGEMENT
942 _n0
948 _c04/03/1997
999 _c48223
_d48223